03659nam a2200445 4500003000900000020001800009040002800027082001900055100002800074245017100102260005400273300005200327490008300379650003800462650004300500650005300543700005100596700002500647942001200672999001500684952013200699952013400831952013200965952013301097952013101230952013301361952013201494952013201626952011901758952013401877952013402011952013002145952013902275952013202414952013502546952013202681952013302813952013302946952013403079CO-ViMGA a9789585808515 aCO-ViMGAbspacCO-ViMGA04a741.642 bS14a1 aSalisbury, Martin9881310aEl arte de ilustrar libros infantiles :bconcepto y práctica de la narración visual /cMartin Salisbury, Morag Styles ; traducción Remedios Diéguez Diéguez. aBogotá :bFondo Cultural Iberoamericano,c2016. a192 páginas :bilustraciones en color ; 28 cm aPlan Nacional de Lectura y Escritura Leer es mi Cuento / Ministerio de Cultura14aDibujo Infantil x Tecnicas9881614aIlustracion De Libros yTecnicas9881514aIlustracion De Libros InfantilesxTecnicas988141 aDiéguez Diéguez, Remediosetraductor988181 aStyles, Morag 98817 2ddccBK c7646d7646 00102ddc40708GENaMEDORADObMEDORADOcGENd2023-01-11l0o741.642 S14apDOR00696r2023-01-11 00:00:00tEj.1w2023-01-11yBK 00102ddc40708GENaMEGUAMALbMEGUAMALcGENd2023-03-28l0o741.642 S14apGUA002779r2023-03-28 00:00:00tEj.1w2023-03-28yBK 00102ddc40708GENaMEPRICObMEPRICOcGENd2023-04-04l0o741.642 S14apPR00000870r2023-04-04 00:00:00tEj.1w2023-04-04yBK 00102ddc40708GENaMEFTEORObMEFTEOROcGENd2023-05-23l0o741.642 S14apFo0000851r2023-05-23 00:00:00tEj.1w2023-05-23yBK 00102ddc40708GENaMECASTILbMECASTILcGENd2023-06-28l0o741.642 S14apEC00846r2023-06-28 00:00:00tEj.1w2023-06-28yBK 00102ddc40708GENaMEMACAREbMEMACAREcGENd2023-07-18l0o741.642 S14apLM00301r2023-07-18 16:10:14tEj.1w2023-07-18yBK 00102ddc40708GENaMECUBARRbMECUBARRcGENd2023-08-11l0o741.642 S14apCUB02914r2023-08-11 14:52:41tEj.1w2023-08-11yBK 00102ddc40708GENaMESMARTIbMESMARTIcGENd2023-08-17l0o741.642 S14apSM002322r2023-08-17 19:52:09tEj.1w2023-08-17yBK 00102ddc40708003aMEVIECARbMEVIECARd2017-04-24l0o741.642 S14ap031861r2019-12-13 00:00:00w2017-04-24yBK 00102ddc40708GENaMEMAPIRIbMEMAPIRIcGENd2024-01-05l0o741.642 S14apMAP0000860r2024-01-05 21:30:01tEj.1w2024-01-05yBK 00102ddc4070aMEVHERMObMEVHERMOd2024-02-09l0o741.642S14apvis00918r2024-02-09 18:31:46tEj.1u741.642S14aw2024-02-09yBK 00102ddc40708GENaMEURIBEbMEURIBEcGENd2024-08-13l0o741.642 S14apURI00887r2024-08-13 09:26:44tEj.1w2024-08-13yBK 001040708001aMEVIGERRbMEVIGERRcGENd2017-05-18o741.642 S14apECA25468r2024-11-26 09:28:27tEj.1w2024-11-26yBKz19356 | 24731 00102ddc40708GENaMESGUARObMESGUAROcGENd2025-06-05l0o741.642 S14apSG03274r2025-06-05 15:06:00tEj.1w2025-06-05yBK 00102ddc40708GENaMEPLLERASbMEPLLERAScGENd2025-07-01l0o741.642 S14apPLL02191r2025-07-01 18:07:09tEj.1w2025-07-01yBK 00102ddc40708GENaMEBAUPIAbMEBAUPIAcGENd2025-07-11l0o741.642 S14apBUP1855r2025-07-11 16:39:58tEj.1w2025-07-11yBK 00102ddc40708GENaMEPLOPEZbMEPLOPEZcGENd2025-07-30l0o741.642 S14apPLZ02584r2025-07-30 08:53:20tEj.1w2025-07-30yBK 00102ddc40708GENaMELEJANIbMELEJANIcGENd2025-10-28l0o741.642 S14apLEJ01188r2025-10-28 20:49:34tEj.1w2025-10-28yBK 00102lcc40708GENaMEPCONCObMEPCONCOcGENd2026-02-23l0o741.642 S14apPCON02229r2026-02-23 15:18:47tEj.1w2026-02-23yBK